Skip to main content
Your cart is empty.
Your lists
Log in to create your own lists
Your cookies
العربية
English
العربية
Home
Search
Advanced search
Authority search
About
The noble scholar, jurist, historian
His Excellency Dr. Abdul Wahhab bin Ibrahim Abu Sulaiman, may Allah have mercy on him.
He was born in Umm Al-Qura in the year 1356 AH.
Library catalog
Title
Author
Subject
ISBN
ISSN
Series
Call number
Log in to your account
×
Login:
Password:
Home
MARC view: التاج المنظوم من درر المنهاج المعلوم /
Normal view
MARC view
ISBD view
التاج المنظوم من درر المنهاج المعلوم / (Record no. 5854)
[
view plain
]
MARC details
000 -LEADER
fixed length control field
01489cam a22002891ia4500
003 - CONTROL NUMBER IDENTIFIER
control field
SA-RiAUC
005 - DATE AND TIME OF LATEST TRANSACTION
control field
20250212080723.0
008 - FIXED-LENGTH DATA ELEMENTS--GENERAL INFORMATION
fixed length control field
250212s2000 mk g f00000 ara c
040 ## - CATALOGING SOURCE
Original cataloging agency
QA-DoFIS
Language of cataloging
ara
Transcribing agency
SA-RiAUC.
Description conventions
rda
082 04 - DEWEY DECIMAL CLASSIFICATION NUMBER
Classification number
258.91
Assigning agency
SA-RiAUC
090 ## - LOCALLY ASSIGNED LC-TYPE CALL NUMBER (OCLC); LOCAL CALL NUMBER (RLIN)
Classification number (OCLC) (R) ; Classification number, CALL (RLIN) (NR)
258.91
Local cutter number (OCLC) ; Book number/undivided call number, CALL (RLIN)
ث م ي
100 1# - MAIN ENTRY--PERSONAL NAME
Personal name
الثميني، عبد العزيز بن إبراهيم،
Dates associated with a name
1133-1223 هجري
Relator term
مؤلف.
245 12 - TITLE STATEMENT
Title
التاج المنظوم من درر المنهاج المعلوم /
Statement of responsibility, etc.
عبد العزيز بن إبراهيم الثميني ؛ ضبط النص محمد بن موسى بابا عمي، مصطفى بن محمد شريفي.
250 ## - EDITION STATEMENT
Edition statement
الطبعة الأولى.
264 #1 - PRODUCTION, PUBLICATION, DISTRIBUTION, MANUFACTURE, AND COPYRIGHT NOTICE
Place of production, publication, distribution, manufacture
مسقط :
Name of producer, publisher, distributor, manufacturer
وزارة التراث القومي والثقافة،
Date of production, publication, distribution, manufacture, or copyright notice
2000
300 ## - PHYSICAL DESCRIPTION
Extent
26 مجلد ؛
Dimensions
24 سم
336 ## - CONTENT TYPE
Content type term
نص
Content type code
txt
Source
rdacontent
Materials specified
كتاب
337 ## - MEDIA TYPE
Media type term
بدون وسيط
Media type code
n
Source
rdamedia
338 ## - CARRIER TYPE
Carrier type term
مجلد
Carrier type code
nc
Source
rdacarrier
500 ## - GENERAL NOTE
General note
الكتاب في الأصل اختصار وتلخيص لكتاب منهاج الطالبين وبلاغ الراغبين للشيخ ضياء الدين خميس بن سعيد العماني.
590 ## - LOCAL NOTE (RLIN)
Local note
الثميني، عبدالعزيز بن الحاج بن ابراهيم.
650 #7 - SUBJECT ADDED ENTRY--TOPICAL TERM
Topical term or geographic name entry element
فقه الأباضية
Source of heading or term
aucsh
700 1# - ADDED ENTRY--PERSONAL NAME
Personal name
بابا عمي، محمد بن موسى،
Dates associated with a name
1967-
Relator term
مراجع.
700 1# - ADDED ENTRY--PERSONAL NAME
Personal name
شريفي، مصطفى بن محمد
Relator term
مراجع.
942 ## - ADDED ENTRY ELEMENTS (KOHA)
Source of classification or shelving scheme
Dewey Decimal Classification
Koha item type
Books
949 ## - LOCAL PROCESSING INFORMATION (OCLC)
a
SA-JeALM
d
250212
u
khaled123
n
1
Holdings
Withdrawn status
Lost status
Source of classification or shelving scheme
Materials specified (bound volume or other part)
Damaged status
Not for loan
Home library
Current library
Date acquired
Total checkouts
Full call number
Barcode
Date last seen
Price effective from
Koha item type
Dewey Decimal Classification
المجلد الاول
DR AbdElwahab Library
DR AbdElwahab Library
02/12/2025
258.91 ث م ي
000009679
02/12/2025
02/12/2025
Books
Dewey Decimal Classification
المجلد الثاني
DR AbdElwahab Library
DR AbdElwahab Library
02/12/2025
258.91 ث م ي
000009680
02/12/2025
02/12/2025
Books
Dewey Decimal Classification
المجلد الثالث
DR AbdElwahab Library
DR AbdElwahab Library
02/12/2025
258.91 ث م ي
000009681
02/12/2025
02/12/2025
Books
Dewey Decimal Classification
المجلد الرابع
DR AbdElwahab Library
DR AbdElwahab Library
02/12/2025
258.91 ث م ي
000009682
02/12/2025
02/12/2025
Books
Dewey Decimal Classification
المجلد الخامس
DR AbdElwahab Library
DR AbdElwahab Library
02/12/2025
258.91 ث م ي
000009683
02/12/2025
02/12/2025
Books
Dewey Decimal Classification
المجلد السادس
DR AbdElwahab Library
DR AbdElwahab Library
02/12/2025
258.91 ث م ي
000009684
02/12/2025
02/12/2025
Books
Dewey Decimal Classification
المجلد السابع
DR AbdElwahab Library
DR AbdElwahab Library
02/12/2025
258.91 ث م ي
000009685
02/12/2025
02/12/2025
Books
Place hold
Print
Add to your cart
(remove)
Save record
BIBTEX
Dublin Core
MARCXML
MARC (non-Unicode/MARC-8)
MARC (Unicode/UTF-8)
MARC (Unicode/UTF-8, Standard)
MODS (XML)
RIS
ISBD
More searches
Search for this title in:
Other Libraries (WorldCat)
Other Databases (Google Scholar)
Online Stores (Bookfinder.com)
Open Library (openlibrary.org)
Exporting to Dublin Core...
×
Simple DC-RDF
OAI-DC
SRW-DC